Last Words of Famous People - Statistics

General Stats
  • This quiz has been taken 27 times
  • The average score is 5 of 20
Answer Stats
Last Words Who Said it? % Correct
"She won't think anything about it." Abraham Lincoln
73%
"No, you certainly can't." John F. Kennedy
59%
"I'm shot! I'm shot!" John Lennon
55%
"I'm going to the bathroom to read." Elvis Presley
45%
"More milk." Michael Jackson
41%
"I want to go when I want. It is tasteless to prolong life artificially. I have done my share, it is time to go. I will do it elegantly." Albert Einstein
32%
"To the strongest." Alexander the Great
32%
"Bertie." Queen Victoria
23%
"Say goodbye to Pat, say goodbye to the president and say goodbye to yourself, because you're a nice guy... I'll see... I'll see." Marilyn Monroe
18%
"Why not? After all, it belongs to him." Charlie Chaplin
14%
"I need help bad, man." Jimi Hendrix
14%
"Go on, get out! Last words are for fools who haven't said enough!" Karl Marx
14%
"Have I played the part well? Then applaud, as I exit." Augustus
9%
"Love one another." George Harrison
9%
"It is stuffy, sticky, and rainy here at present – but forecasts are more favourable." J. R. R. Tolkien
9%
"There is no god but Allah, and Muhammad..." Saddam Hussein
9%
"How can the teeth of wild beasts hurt me, without consciousness?" Diogenes
5%
"I feel ill. Call the doctors." Mao Zedong
5%
"Yes. On the ground." Charles Dickens
0%
"Doctor, you have science, I have faith." Dmitri Mendeleev
0%
No matching quizzes found
Score Distribution
Percent of People with Each Score
Percentile by Number Answered
Your Score History
You have not taken this quiz